[Event "III Memorial Pedro Lezcano Montalvo 10"]
[Site "Gran Canaria (ESP)"]
[Date "2010.03.29"]
[Round "1.1"]
[White "Martinez Molina, Jose Juan"]
[Black "Strikovic, Aleksa"]
[Result "0-1"]
[WhiteElo "1789"]
[BlackElo "2544"]
[PlyCount "42"]
[EventDate "2010.03.29"]
[EventType "swiss"]
[EventRounds "9"]
[EventCountry "ESP"]
[Source "Arranz, Pablo"]
[SourceDate "2010.03.29"]

1. e4 c5 2. Nf3 e6 3. d3 Nc6 4. g3 d5 5. exd5 exd5 6. Bg2 Bd6 7. O-O Nge7 8. c3
O-O 9. Re1 h6 10. Nbd2 Bf5 11. Nf1 d4 12. h3 Qd7 13. g4 Be6 14. Ng3 dxc3 15.
bxc3 Nd5 16. Ne4 Be7 17. Bd2 f5 18. gxf5 Bxf5 19. Ng3 Bxh3 20. Bxh3 Qxh3 21.
Ne5 Rxf2 0-1

[Event "III Memorial Pedro Lezcano Montalvo 10"]
[Site "Gran Canaria (ESP)"]
[Date "2010.03.29"]
[Round "1.3"]
[White "Guerrero Ruiz, Jose Luis"]
[Black "Kurajica, Bojan"]
[Result "0-1"]
[WhiteElo "1747"]
[BlackElo "2525"]
[PlyCount "20"]
[EventDate "2010.03.29"]
[EventType "swiss"]
[EventRounds "9"]
[EventCountry "ESP"]
[Source "Arranz, Pablo"]
[SourceDate "2010.03.29"]

1. e4 c5 2. Nf3 a6 3. d4 cxd4 4. Nxd4 Nf6 5. Nc3 e5 6. Nf3 Bb4 7. a3 Bxc3+ 8.
bxc3 Qa5 9. Bd3 d5 10. Nxe5 Qxc3+ 0-1

[Event "III Memorial Pedro Lezcano Montalvo 10"]
[Site "Gran Canaria (ESP)"]
[Date "2010.03.29"]
[Round "1.4"]
[White "Barlov, Dragan"]
[Black "Rivas Crespo, Alejandro"]
[Result "1-0"]
[WhiteElo "2487"]
[BlackElo "1729"]
[PlyCount "45"]
[EventDate "2010.03.29"]
[EventType "swiss"]
[EventRounds "9"]
[EventCountry "ESP"]
[Source "Arranz, Pablo"]
[SourceDate "2010.03.29"]

1. Nf3 Nf6 2. c4 g6 3. g3 Bg7 4. Bg2 O-O 5. O-O d6 6. d4 a5 7. Nc3 Na6 8. h3 c6
9. e4 Nc7 10. Be3 Rb8 11. Qc2 b5 12. c5 dxc5 13. dxc5 Be6 14. Nd4 Bd7 15. f4
Qc8 16. f5 e6 17. e5 Nfd5 18. Nxd5 Nxd5 19. Bxd5 exd5 20. f6 Bh8 21. g4 Re8 22.
Bf4 Be6 23. Qf2 1-0

[Event "III Memorial Pedro Lezcano Montalvo 10"]
[Site "Gran Canaria (ESP)"]
[Date "2010.03.29"]
[Round "1.5"]
[White "Capote Robayna, Johanna"]
[Black "Ortega Hermida, Daniel"]
[Result "0-1"]
[WhiteElo "1724"]
[BlackElo "2389"]
[PlyCount "64"]
[EventDate "2010.03.29"]
[EventType "swiss"]
[EventRounds "9"]
[EventCountry "ESP"]
[Source "Arranz, Pablo"]
[SourceDate "2010.03.29"]

1. e4 c5 2. Nf3 e6 3. d4 cxd4 4. Nxd4 a6 5. Nc3 Qc7 6. Be2 Nf6 7. a3 b5 8. Bd3
Bb7 9. Qe2 d6 10. O-O Nbd7 11. Kh1 g6 12. Bg5 Bg7 13. Rad1 O-O 14. f4 h6 15.
Bh4 Nh5 16. Qe3 Qb6 17. Be2 Nxf4 18. Qxf4 e5 19. Qf3 exd4 20. Nd5 Bxd5 21. exd5
Rae8 22. Qg4 f5 23. Qxg6 Rxe2 24. Rxf5 Qb8 25. Rdf1 Qe8 26. Rxf8+ Nxf8 27. Qxd6
Qe4 28. Qg3 Re3 29. Qf2 Qxd5 30. Bf6 Qf7 31. Qh4 Bxf6 32. Rxf6 Qxf6 0-1

[Event "III Memorial Pedro Lezcano Montalvo 10"]
[Site "Gran Canaria (ESP)"]
[Date "2010.03.29"]
[Round "1.6"]
[White "Cabrera Trujillo, Jorge"]
[Black "Leon Manas, Jose Francisco"]
[Result "1-0"]
[WhiteElo "2370"]
[BlackElo "1713"]
[PlyCount "79"]
[EventDate "2010.03.29"]
[EventType "swiss"]
[EventRounds "9"]
[EventCountry "ESP"]
[Source "Arranz, Pablo"]
[SourceDate "2010.03.29"]

1. e4 e5 2. Nf3 Nc6 3. Bb5 a6 4. Ba4 Nf6 5. O-O b5 6. Bb3 Nxe4 7. d4 d5 8. dxe5
Be6 9. c3 Be7 10. Nbd2 Nc5 11. Bc2 Nd7 12. Re1 Bg4 13. h3 Bh5 14. e6 Nde5 15.
g4 Nxg4 16. hxg4 Bxg4 17. exf7+ Kf8 18. Ng5 Qd7 19. Ngf3 d4 20. Be4 Rd8 21.
Bxc6 Qxc6 22. Ne5 Bxd1 23. Nxc6 Rd6 24. Rxe7 Rxc6 25. Re8+ Kxf7 26. Rxh8 Rg6+
27. Kf1 d3 28. f3 Be2+ 29. Kf2 Rh6 30. Ne4 Rh1 31. Rxh7 Rf1+ 32. Kg2 Kg6 33.
Rxg7+ Kxg7 34. Bh6+ Kxh6 35. Rxf1 Bxf1+ 36. Kxf1 Kg6 37. Nc5 d2 38. Ke2 d1=Q+
39. Kxd1 Kf5 40. Nxa6 1-0

[Event "III Memorial Pedro Lezcano Montalvo 10"]
[Site "Gran Canaria (ESP)"]
[Date "2010.03.29"]
[Round "1.7"]
[White "Reyes Molina, Juan Pedro"]
[Black "Hernando Rodrigo, Jose Maria"]
[Result "0-1"]
[WhiteElo "1702"]
[BlackElo "2331"]
[PlyCount "56"]
[EventDate "2010.03.29"]
[EventType "swiss"]
[EventRounds "9"]
[EventCountry "ESP"]
[Source "Arranz, Pablo"]
[SourceDate "2010.03.29"]

1. d4 g6 2. c4 f5 3. g3 Nf6 4. Bg2 Bg7 5. Nc3 O-O 6. e4 fxe4 7. Nxe4 Nxe4 8.
Bxe4 Nc6 9. Ne2 d6 10. O-O Bg4 11. Be3 Qd7 12. f3 Bh3 13. Rf2 e5 14. d5 Ne7 15.
g4 Rf7 16. Kh1 Raf8 17. Qe1 Bxg4 18. fxg4 Qxg4 19. Ng3 Nf5 20. Bxf5 gxf5 21.
Qe2 Qh4 22. Bd2 e4 23. Rf4 Qh3 24. Qf1 Qxf1+ 25. Raxf1 Bh6 26. R4f2 e3 27. Bxe3
Bxe3 28. Nxf5 Bxf2 0-1

[Event "III Memorial Pedro Lezcano Montalvo 10"]
[Site "Gran Canaria (ESP)"]
[Date "2010.03.29"]
[Round "1.8"]
[White "Vega Gutierrez, Sabrina Neide"]
[Black "Rodriguez Mellado, Antonio"]
[Result "1-0"]
[WhiteElo "2314"]
[BlackElo "1701"]
[PlyCount "47"]
[EventDate "2010.03.29"]
[EventType "swiss"]
[EventRounds "9"]
[EventCountry "ESP"]
[Source "Arranz, Pablo"]
[SourceDate "2010.03.29"]

1. e4 e5 2. Nf3 Nc6 3. Bb5 Bc5 4. O-O Nf6 5. c3 O-O 6. d4 exd4 7. cxd4 Bb6 8.
d5 Ne7 9. d6 cxd6 10. Nc3 Ba5 11. Bd3 Ng6 12. Nb5 Bc7 13. Bg5 Bb8 14. Nh4 Nxh4
15. Bxh4 Re8 16. Qf3 Re6 17. Rac1 h6 18. Rc2 a6 19. Rfc1 Re8 20. Bxf6 Qxf6 21.
Qxf6 gxf6 22. Rxc8 Rxc8 23. Rxc8+ Kg7 24. Nc7 1-0

[Event "III Memorial Pedro Lezcano Montalvo 10"]
[Site "Gran Canaria (ESP)"]
[Date "2010.03.29"]
[Round "1.9"]
[White "Aleman Alamo, Nicolas"]
[Black "Menvielle Lacourrelle, Augusto"]
[Result "0-1"]
[WhiteElo "1701"]
[BlackElo "2287"]
[PlyCount "68"]
[EventDate "2010.03.29"]
[EventType "swiss"]
[EventRounds "9"]
[EventCountry "ESP"]
[Source "Arranz, Pablo"]
[SourceDate "2010.03.29"]

1. d4 f5 2. c4 Nf6 3. Nc3 g6 4. Nf3 Bg7 5. Bf4 d6 6. e3 O-O 7. h3 e6 8. Be2 Qe7
9. O-O Nbd7 10. Rc1 c6 11. Re1 e5 12. dxe5 dxe5 13. Bg3 Rd8 14. Qc2 e4 15. Nd4
Ne5 16. Rcd1 Re8 17. Rd2 Nfd7 18. b4 Qxb4 19. Red1 Qe7 20. Bf4 Nc5 21. Nb3 Ncd3
22. Bxe5 Nxe5 23. c5 Be6 24. Na4 Rad8 25. Nd4 Bd5 26. Nb3 Qg5 27. Nd4 Nf3+ 28.
Bxf3 exf3 29. g3 Be5 30. Kh2 h5 31. Rg1 h4 32. Qd1 hxg3+ 33. fxg3 Qxe3 34. Nxf3
Bxf3 0-1

[Event "III Memorial Pedro Lezcano Montalvo 10"]
[Site "Gran Canaria (ESP)"]
[Date "2010.03.29"]
[Round "1.10"]
[White "Natalicchio Escalante, Nicolas"]
[Black "Monteiro Rodrigues, Carlos"]
[Result "1-0"]
[WhiteElo "2257"]
[BlackElo "1693"]
[PlyCount "67"]
[EventDate "2010.03.29"]
[EventType "swiss"]
[EventRounds "9"]
[EventCountry "ESP"]
[Source "Arranz, Pablo"]
[SourceDate "2010.03.29"]

1. Nf3 Nc6 2. c4 Nf6 3. Nc3 g6 4. d4 d6 5. d5 Nb8 6. g3 Bg7 7. Bg2 O-O 8. O-O
Re8 9. Nd4 Nbd7 10. Rb1 Nf8 11. b4 Bd7 12. c5 Qc8 13. c6 bxc6 14. dxc6 Bh3 15.
b5 Bxg2 16. Kxg2 e5 17. Nc2 Rd8 18. Bg5 d5 19. Bxf6 Bxf6 20. Nxd5 Kg7 21. e4
Rd6 22. Qf3 h6 23. Nce3 Nh7 24. h4 Qd8 25. Rh1 h5 26. a4 a6 27. Rbd1 axb5 28.
axb5 Rb8 29. Nc4 Rxd5 30. Rxd5 Qe7 31. Ne3 Qb4 32. Nc2 Qa4 33. Qd3 Qa5 34. Rd1
1-0

[Event "III Memorial Pedro Lezcano Montalvo 10"]
[Site "Gran Canaria (ESP)"]
[Date "2010.03.29"]
[Round "1.11"]
[White "Santana Montjoy, Javier"]
[Black "Lopez Colon, Francisco"]
[Result "0-1"]
[WhiteElo "1688"]
[BlackElo "2245"]
[PlyCount "64"]
[EventDate "2010.03.29"]
[EventType "swiss"]
[EventRounds "9"]
[EventCountry "ESP"]
[Source "Arranz, Pablo"]
[SourceDate "2010.03.29"]

1. d4 c5 2. d5 e5 3. c4 d6 4. e4 Be7 5. f4 exf4 6. Bxf4 Qb6 7. Qc2 Bf6 8. Nc3
Nd7 9. Nf3 a6 10. Bd3 Ne7 11. O-O Ng6 12. Bg3 Nde5 13. Nxe5 Bxe5 14. Rf5 Bxg3
15. hxg3 Bxf5 16. exf5 Ne5 17. Re1 O-O-O 18. Rb1 Rhe8 19. b4 cxb4+ 20. Kh1 Nxd3
21. Qxd3 Qe3 22. Qxe3 Rxe3 23. Na4 a5 24. Kh2 Ra3 25. Nb6+ Kc7 26. c5 dxc5 27.
Nc4 Rxa2 28. Re1 Rxd5 29. Re7+ Rd7 30. Re5 b6 31. Re3 Rc2 32. Re4 a4 0-1

[Event "III Memorial Pedro Lezcano Montalvo 10"]
[Site "Gran Canaria (ESP)"]
[Date "2010.03.29"]
[Round "1.12"]
[White "Morales Camacho, Julian"]
[Black "Schlittermann, Wolfgang"]
[Result "1-0"]
[WhiteElo "2240"]
[BlackElo "1676"]
[PlyCount "103"]
[EventDate "2010.03.29"]
[EventType "swiss"]
[EventRounds "9"]
[EventCountry "ESP"]
[Source "Arranz, Pablo"]
[SourceDate "2010.03.29"]

1. e3 c5 2. Nf3 e6 3. b3 Nf6 4. Bb2 Be7 5. d4 d5 6. Bd3 Nc6 7. Nbd2 Nb4 8. Be2
Bd7 9. a3 Nc6 10. Bd3 cxd4 11. exd4 a6 12. O-O O-O 13. Ne5 Bc8 14. Qe2 Qb6 15.
Ndf3 Nd7 16. Nxd7 Bxd7 17. Rad1 Bf6 18. Ne5 Rad8 19. Kh1 g6 20. Qg4 Bg7 21. h4
f5 22. Qf4 Nxe5 23. dxe5 Bb5 24. h5 Bxd3 25. Rxd3 gxh5 26. Rfd1 Qc7 27. R1d2
Qf7 28. a4 Qg6 29. Rg3 Qf7 30. Ba3 Rfe8 31. Bd6 Kh8 32. c4 dxc4 33. bxc4 b6 34.
Rb3 Qd7 35. Ra2 Qc6 36. Qd4 Rc8 37. Rxb6 Qxc4 38. Qxc4 Rxc4 39. Rxa6 Re4 40.
Ra5 Rc8 41. g3 h4 42. Rb5 hxg3 43. fxg3 h5 44. a5 Re1+ 45. Kg2 Rcc1 46. Rbb2
Bxe5 47. Bxe5+ Rxe5 48. a6 Rc8 49. a7 Rd5 50. Rb8 Rdd8 51. Rab2 Kg7 52. a8=Q
1-0

[Event "III Memorial Pedro Lezcano Montalvo 10"]
[Site "Gran Canaria (ESP)"]
[Date "2010.03.29"]
[Round "1.13"]
[White "Peinado Santana, Victor"]
[Black "Vega Gutierrez, Belinda Vidina"]
[Result "1/2-1/2"]
[WhiteElo "1675"]
[BlackElo "2233"]
[PlyCount "111"]
[EventDate "2010.03.29"]
[EventType "swiss"]
[EventRounds "9"]
[EventCountry "ESP"]
[Source "Arranz, Pablo"]
[SourceDate "2010.03.29"]

1. d4 d5 2. c4 dxc4 3. Nc3 a6 4. a4 Nc6 5. Nf3 Bg4 6. e3 Na5 7. Bd2 e6 8. Be2
Nf6 9. Ne5 Bxe2 10. Qxe2 c5 11. dxc5 Nb3 12. Rd1 Nxc5 13. Bc1 Qc7 14. Nxc4 Rc8
15. Nd2 Bd6 16. Nf3 O-O 17. O-O Ng4 18. h3 Nh2 19. Rfe1 Nxf3+ 20. Qxf3 Be5 21.
Qg4 Nb3 22. Qb4 Bxc3 23. Qxc3 Qxc3 24. bxc3 Rxc3 25. Bb2 Rc4 26. Rd7 Nc5 27.
Rc7 b5 28. axb5 axb5 29. Ba3 Nd3 30. Rxc4 bxc4 31. Bxf8 Nxe1 32. Bb4 Nd3 33.
Bc3 f6 34. Kf1 Kf7 35. Ke2 Ke7 36. f3 Kd6 37. Kd2 e5 38. Kc2 Kc5 39. Bd2 f5 40.
Bc3 Kd5 41. Kd2 g5 42. g3 f4 43. gxf4 exf4 44. Bf6 fxe3+ 45. Kxe3 Nf4 46. Bxg5
Nxh3 47. Bh6 Ke5 48. f4+ Kf5 49. Kd4 Kg6 50. Bf8 Nxf4 51. Kxc4 h5 52. Be7 Kf5
53. Kd4 Ng6 54. Bd8 Nf4 55. Ke3 Ne6 56. Be7 1/2-1/2

[Event "III Memorial Pedro Lezcano Montalvo 10"]
[Site "Gran Canaria (ESP)"]
[Date "2010.03.29"]
[Round "1.14"]
[White "Alvarado Ascanio, Francisco"]
[Black "Sanchez Montesdeoca, Isaac"]
[Result "1-0"]
[WhiteElo "2230"]
[BlackElo "1668"]
[PlyCount "101"]
[EventDate "2010.03.29"]
[EventType "swiss"]
[EventRounds "9"]
[EventCountry "ESP"]
[Source "Arranz, Pablo"]
[SourceDate "2010.03.29"]

1. d4 Nf6 2. Nf3 d5 3. e3 g6 4. c4 Bg7 5. Nc3 e6 6. Bd2 O-O 7. Qc2 c6 8. Be2
Nbd7 9. O-O Re8 10. Rfd1 Qe7 11. Rac1 dxc4 12. Bxc4 b5 13. Be2 Bb7 14. b4 a6
15. Ne4 Ra7 16. Nc5 Ba8 17. e4 h6 18. a3 Nxc5 19. dxc5 e5 20. Bc3 Nd7 21. Bf1
Rc7 22. g3 Bb7 23. Nd2 Bc8 24. Nb3 Nf8 25. Be2 Bh3 26. Rd6 Ne6 27. Na5 Rec8 28.
Nb3 Rf8 29. Na5 Rfc8 30. Qb3 Nd4 31. Qd1 Nxe2+ 32. Qxe2 Qg5 33. Rcd1 Bg4 34. f3
Be6 35. Qd2 Qe7 36. Qb2 Bh3 37. f4 exf4 38. Bxg7 Qxe4 39. Bxh6 Qe3+ 40. Qf2
Qxa3 41. Qxf4 Qb2 42. R6d2 Rd7 43. Qf2 Rxd2 44. Qxd2 Qe5 45. Qd4 Qxd4+ 46. Rxd4
Be6 47. Bg5 Kg7 48. Kf2 f6 49. Rd6 Kf7 50. Be3 Bd5 51. Bd4 1-0

[Event "III Memorial Pedro Lezcano Montalvo 10"]
[Site "Gran Canaria (ESP)"]
[Date "2010.03.29"]
[Round "1.15"]
[White "Colorado Diaz-Caneja, Rayco"]
[Black "Gonzalez Garcia, Guillermo"]
[Result "0-1"]
[WhiteElo "1660"]
[BlackElo "2217"]
[PlyCount "70"]
[EventDate "2010.03.29"]
[EventType "swiss"]
[EventRounds "9"]
[EventCountry "ESP"]
[Source "Arranz, Pablo"]
[SourceDate "2010.03.29"]

1. e4 c5 2. Nf3 d6 3. d4 cxd4 4. Nxd4 Nf6 5. Nc3 a6 6. Be2 e6 7. Be3 Qc7 8. Qd3
Nbd7 9. Nf3 Nc5 10. Bxc5 Qxc5 11. O-O Be7 12. Nd2 Bd7 13. Qg3 O-O 14. Nb3 Qc7
15. f4 Bc6 16. Bf3 Nd7 17. Rae1 Bf6 18. Re3 Qb6 19. Rfe1 a5 20. Nd1 a4 21. Nd2
Bd4 22. Nc4 Qc5 23. Kh1 Qxc4 24. Rd3 Bc5 25. b3 Qxc2 26. Rc3 Qd2 27. Bg4 axb3
28. axb3 f5 29. Rd3 Qc2 30. exf5 exf5 31. Bh5 Nf6 32. Be2 Rae8 33. Rc3 Rxe2 34.
Rxc2 Bxg2+ 35. Qxg2 Rxe1+ 0-1

[Event "III Memorial Pedro Lezcano Montalvo 10"]
[Site "Gran Canaria (ESP)"]
[Date "2010.03.30"]
[Round "2.1"]
[White "Strikovic, Aleksa"]
[Black "Perez Aleman, Pedro Tomys"]
[Result "1-0"]
[WhiteElo "2544"]
[BlackElo "2094"]
[PlyCount "47"]
[EventDate "2010.03.29"]
[EventType "swiss"]
[EventRounds "9"]
[EventCountry "ESP"]
[Source "Arranz, Pablo"]
[SourceDate "2010.03.29"]

1. Nf3 Nf6 2. c4 d6 3. d4 g6 4. Nc3 Bg7 5. Bf4 O-O 6. e3 Nfd7 7. h3 Nc6 8. d5
Nce5 9. Nxe5 Nxe5 10. Be2 c6 11. e4 e6 12. O-O f5 13. Qd2 Nf7 14. dxe6 Bxe6 15.
exf5 Bxf5 16. Rad1 Re8 17. Be3 Qh4 18. Rfe1 Rad8 19. Bf1 Ne5 20. Bg5 Bh6 21.
Bxh4 Bxd2 22. Rxd2 Nf3+ 23. gxf3 Rxe1 24. Bxd8 1-0

[Event "III Memorial Pedro Lezcano Montalvo 10"]
[Site "Gran Canaria (ESP)"]
[Date "2010.03.30"]
[Round "2.2"]
[White "Rodriguez Melian, Jose Luis"]
[Black "Hernandez, Holden"]
[Result "0-1"]
[WhiteElo "2084"]
[BlackElo "2541"]
[PlyCount "80"]
[EventDate "2010.03.29"]
[EventType "swiss"]
[EventRounds "9"]
[EventCountry "ESP"]
[Source "Arranz, Pablo"]
[SourceDate "2010.03.29"]

1. d4 Nf6 2. c4 e6 3. g3 Bb4+ 4. Bd2 c5 5. Bxb4 cxb4 6. Nf3 O-O 7. Bg2 d6 8.
O-O Nc6 9. Qc2 Bd7 10. Nbd2 Rc8 11. Rfc1 e5 12. e3 Re8 13. b3 h6 14. Qb2 e4 15.
Ne1 Bf5 16. a3 a6 17. axb4 Nxb4 18. Qa3 Nc6 19. b4 Qd7 20. b5 axb5 21. cxb5 Ne7
22. Nc4 Rcd8 23. Bf1 Ned5 24. Ng2 Bh3 25. Be2 g5 26. Qa4 Rc8 27. Qa3 Red8 28.
f3 exf3 29. Bxf3 Qe6 30. Qd3 Bf5 31. Qb3 Be4 32. Bxe4 Nxe4 33. Qd3 Ndf6 34. Nb6
Rxc1+ 35. Rxc1 d5 36. Na4 Qh3 37. Qe2 Ng4 38. Ne1 Nxg3 39. hxg3 Qxg3+ 40. Kh1
Nf2+ 0-1

[Event "III Memorial Pedro Lezcano Montalvo 10"]
[Site "Gran Canaria (ESP)"]
[Date "2010.03.30"]
[Round "2.3"]
[White "Kurajica, Bojan"]
[Black "Galvan Sarmiento, Jose Luis"]
[Result "1-0"]
[WhiteElo "2525"]
[BlackElo "2061"]
[PlyCount "97"]
[EventDate "2010.03.29"]
[EventType "swiss"]
[EventRounds "9"]
[EventCountry "ESP"]
[Source "Arranz, Pablo"]
[SourceDate "2010.03.29"]

1. d4 d5 2. c4 e6 3. Nf3 Nf6 4. Nc3 c6 5. g3 Bb4 6. Qb3 Qa5 7. Bd2 dxc4 8. Qxc4
Nbd7 9. Bg2 Nb6 10. Qd3 Na4 11. Qc2 Nxc3 12. bxc3 Be7 13. e4 Qa6 14. Rb1 O-O
15. Bf1 Qa5 16. e5 Nd7 17. Bd3 h6 18. c4 Qc7 19. Bf4 Rd8 20. Bh7+ Kh8 21. Be4
b6 22. h4 Bb7 23. Rd1 Rac8 24. Qc1 Bb4+ 25. Kf1 Bf8 26. Bb1 c5 27. Qc2 g6 28.
d5 Bg7 29. h5 Nf8 30. hxg6 fxg6 31. Bxh6 exd5 32. Bg5+ Kg8 33. Bxd8 Rxd8 34.
Qe2 dxc4 35. Qxc4+ Qf7 36. Qxf7+ Kxf7 37. Rxd8 Bxf3 38. Rh4 Bxe5 39. Be4 g5 40.
Bxf3 gxh4 41. gxh4 Bf6 42. Ra8 Bxh4 43. Bh5+ Kg7 44. Rxa7+ Kh6 45. Bf7 Nh7 46.
Bc4 Ng5 47. Ke2 Ne4 48. f4 Nd6 49. Bd3 1-0

[Event "III Memorial Pedro Lezcano Montalvo 10"]
[Site "Gran Canaria (ESP)"]
[Date "2010.03.30"]
[Round "2.4"]
[White "De La Hoz Sanchez, Ruben"]
[Black "Barlov, Dragan"]
[Result "0-1"]
[WhiteElo "2052"]
[BlackElo "2487"]
[PlyCount "40"]
[EventDate "2010.03.29"]
[EventType "swiss"]
[EventRounds "9"]
[EventCountry "ESP"]
[Source "Arranz, Pablo"]
[SourceDate "2010.03.29"]

1. e4 c5 2. Nc3 Nc6 3. g3 Rb8 4. Bg2 b5 5. f4 e6 6. Nf3 b4 7. Ne2 d6 8. d4 Nf6
9. e5 Nd5 10. c4 bxc3 11. Nxc3 Nxc3 12. bxc3 Ba6 13. Ng5 d5 14. Qh5 g6 15. Qh3
Qa5 16. Bd2 cxd4 17. Nxh7 Be7 18. Qh6 Rb2 19. Qg7 Rxh7 20. Qxh7 Rxd2 0-1

[Event "III Memorial Pedro Lezcano Montalvo 10"]
[Site "Gran Canaria (ESP)"]
[Date "2010.03.30"]
[Round "2.5"]
[White "Ortega Hermida, Daniel"]
[Black "Machin Arbelo, Pedro Alexis"]
[Result "1-0"]
[WhiteElo "2389"]
[BlackElo "2043"]
[PlyCount "55"]
[EventDate "2010.03.29"]
[EventType "swiss"]
[EventRounds "9"]
[EventCountry "ESP"]
[Source "Arranz, Pablo"]
[SourceDate "2010.03.29"]

1. d4 Nf6 2. c4 e6 3. Nf3 b6 4. a3 Bb7 5. Nc3 d5 6. Bg5 Be7 7. Qa4+ c6 8. Bxf6
Bxf6 9. cxd5 exd5 10. g3 O-O 11. Bg2 Re8 12. O-O c5 13. Rad1 Nc6 14. dxc5 Bxc3
15. bxc3 bxc5 16. Nh4 Qa5 17. Qf4 Ne7 18. c4 Rad8 19. Qg5 h6 20. Qh5 Ba6 21.
cxd5 Ng6 22. Bf3 Re5 23. Nxg6 Rxh5 24. Ne7+ Kf8 25. Nc6 Rhxd5 26. Rxd5 Rxd5 27.
Nxa5 Rd2 28. Rc1 1-0

[Event "III Memorial Pedro Lezcano Montalvo 10"]
[Site "Gran Canaria (ESP)"]
[Date "2010.03.30"]
[Round "2.6"]
[White "Rodriguez Ferraz, Borja"]
[Black "Cabrera Trujillo, Jorge"]
[Result "0-1"]
[WhiteElo "2037"]
[BlackElo "2370"]
[PlyCount "94"]
[EventDate "2010.03.29"]
[EventType "swiss"]
[EventRounds "9"]
[EventCountry "ESP"]
[Source "Arranz, Pablo"]
[SourceDate "2010.03.29"]

1. d4 Nf6 2. c4 g6 3. Nc3 Bg7 4. e4 d6 5. Nf3 O-O 6. Be2 e5 7. O-O Nc6 8. d5
Ne7 9. b4 Nh5 10. Re1 f5 11. Ng5 Nf4 12. Bxf4 exf4 13. Rc1 fxe4 14. Ncxe4 Nf5
15. Nf3 h6 16. c5 a5 17. b5 Kh7 18. Qc2 Rf7 19. Bd3 b6 20. cxb6 cxb6 21. h4 Kh8
22. Ned2 Bf8 23. Bxf5 Bxf5 24. Qa4 Bd7 25. Rc4 g5 26. hxg5 hxg5 27. Nd4 Rh7 28.
Ne6 Qf6 29. Rce4 Qh6 30. f3 Qh2+ 31. Kf2 Qg3+ 32. Ke2 Bxe6 33. Rxe6 Qxg2+ 34.
Kd1 Qf2 35. R6e4 Rc8 36. Qb3 Rhc7 37. Qb2+ Kg8 38. Re6 Bg7 39. Qb1 Rc1+ 40.
Qxc1 Rxc1+ 41. Kxc1 Qc5+ 42. Kd1 Qxd5 43. a4 Bc3 44. R6e2 Bxd2 45. Rxd2 Qxf3+
46. Kc2 Qa3 47. Re4 Kf7 0-1

[Event "III Memorial Pedro Lezcano Montalvo 10"]
[Site "Gran Canaria (ESP)"]
[Date "2010.03.30"]
[Round "2.7"]
[White "Hernando Rodrigo, Jose Maria"]
[Black "Rodriguez Perez, David"]
[Result "1-0"]
[WhiteElo "2331"]
[BlackElo "2032"]
[PlyCount "67"]
[EventDate "2010.03.29"]
[EventType "swiss"]
[EventRounds "9"]
[EventCountry "ESP"]
[Source "Arranz, Pablo"]
[SourceDate "2010.03.29"]

1. d4 Nf6 2. c4 e6 3. Nf3 c5 4. Nc3 cxd4 5. Nxd4 a6 6. g3 Qc7 7. Bg2 Qxc4 8.
Bf4 Qb4 9. O-O Nc6 10. Nb3 Be7 11. e4 O-O 12. Bc7 Ne8 13. a3 Qc4 14. Bb6 a5 15.
Re1 a4 16. Nd2 Qa6 17. Be3 b5 18. Bf1 Nc7 19. Qh5 Bf6 20. Bc5 Be7 21. Be3 Bf6
22. Rac1 Qa5 23. Bf4 e5 24. Be3 Bb7 25. Bc5 Rfd8 26. Bd6 Ne8 27. Bc5 Nd4 28.
Bd3 Bc6 29. Bb1 Rac8 30. Qh3 d6 31. Bxd4 exd4 32. e5 g6 33. exf6 dxc3 34. Rxe8+
1-0

[Event "III Memorial Pedro Lezcano Montalvo 10"]
[Site "Gran Canaria (ESP)"]
[Date "2010.03.30"]
[Round "2.8"]
[White "Acosta Sosa, Juan Manuel"]
[Black "Vega Gutierrez, Sabrina Neide"]
[Result "0-1"]
[WhiteElo "2023"]
[BlackElo "2314"]
[PlyCount "80"]
[EventDate "2010.03.29"]
[EventType "swiss"]
[EventRounds "9"]
[EventCountry "ESP"]
[Source "Arranz, Pablo"]
[SourceDate "2010.03.29"]

1. d4 d5 2. Nf3 Nf6 3. c4 dxc4 4. e3 Bg4 5. Bxc4 e6 6. Nc3 Nbd7 7. O-O Bb4 8.
Be2 O-O 9. Qb3 c5 10. Rd1 Qe7 11. a3 Bxc3 12. bxc3 b6 13. a4 e5 14. h3 Bh5 15.
Ra2 e4 16. Nh2 Bxe2 17. Rxe2 Rac8 18. Nf1 Rfe8 19. Ra2 c4 20. Qa3 Qe6 21. Bd2
Nd5 22. Qb2 a6 23. Ng3 Rc6 24. Rb1 Qg6 25. Qc2 h5 26. Ne2 N7f6 27. Nf4 Nxf4 28.
exf4 Nd5 29. Be3 Qf5 30. Qd2 Rg6 31. Kh2 h4 32. Rg1 Rh6 33. Raa1 Rc8 34. Rab1
Rcc6 35. g4 hxg3+ 36. Rxg3 Rcg6 37. Rbg1 Rxh3+ 38. Kg2 Rgxg3+ 39. fxg3 Qh5 40.
Kf1 Qf3+ 0-1

[Event "III Memorial Pedro Lezcano Montalvo 10"]
[Site "Gran Canaria (ESP)"]
[Date "2010.03.30"]
[Round "2.9"]
[White "Menvielle Lacourrelle, Augusto"]
[Black "Almeida Sanchez, Ciriaco"]
[Result "1/2-1/2"]
[WhiteElo "2287"]
[BlackElo "2002"]
[PlyCount "76"]
[EventDate "2010.03.29"]
[EventType "swiss"]
[EventRounds "9"]
[EventCountry "ESP"]
[Source "Arranz, Pablo"]
[SourceDate "2010.03.29"]

1. e4 d5 2. exd5 Qxd5 3. Nc3 Qa5 4. d4 Nf6 5. Nf3 Bg4 6. h3 Bh5 7. g4 Bg6 8.
Ne5 e6 9. Nc4 Qa6 10. Ne5 Qb6 11. Bg2 Bb4 12. O-O Nbd7 13. Nxg6 hxg6 14. Be3
Qa5 15. Qd3 Nd5 16. Nxd5 exd5 17. c4 c6 18. a3 Bd6 19. Bd2 Qa6 20. Qe3+ Kf8 21.
cxd5 Re8 22. Qb3 Nf6 23. dxc6 bxc6 24. Rfe1 Rb8 25. Bb4 Kg8 26. Qf3 Bxb4 27.
axb4 Qb6 28. Qxc6 Qxd4 29. g5 Nh5 30. Re8+ Kh7 31. Rxh8+ Kxh8 32. Qc5 Qxb4 33.
Qxb4 Rxb4 34. Rxa7 Nf4 35. Bf1 Rxb2 36. Rxf7 Rb4 37. Rc7 Rb1 38. h4 Nh3+
1/2-1/2

[Event "III Memorial Pedro Lezcano Montalvo 10"]
[Site "Gran Canaria (ESP)"]
[Date "2010.03.30"]
[Round "2.10"]
[White "Ortiz Perez, Hector"]
[Black "Natalicchio Escalante, Nicolas"]
[Result "1/2-1/2"]
[WhiteElo "1988"]
[BlackElo "2257"]
[PlyCount "44"]
[EventDate "2010.03.29"]
[EventType "swiss"]
[EventRounds "9"]
[EventCountry "ESP"]
[Source "Arranz, Pablo"]
[SourceDate "2010.03.29"]

1. e4 c6 2. d4 d5 3. Nc3 dxe4 4. Nxe4 Bf5 5. Ng3 Bg6 6. h4 h6 7. h5 Bh7 8. Nf3
Nd7 9. Bd3 Bxd3 10. Qxd3 e6 11. O-O Ngf6 12. Re1 Be7 13. Bd2 O-O 14. c4 Re8 15.
Rad1 Rc8 16. Bc3 Bd6 17. Ne5 Qc7 18. Qf3 Nf8 19. Ne4 N8h7 20. Nxf6+ Nxf6 21.
Ng4 Nxg4 22. Qxg4 Bf8 1/2-1/2